Organización escolar: libro cuyo contenido y desarrollo están de acuerdo con el programa oficial vigente de la materia y ha sido aprobado por la Secretaría de Educación Pública para servir de texto en las escuelas normales de la república

Guardat en:
Dades bibliogràfiques
Autor principal: Jiménez y Coria, Laureano (Autor)
Format: Llibre
Idioma:espanyol
Publicat: Ciudad de México Fernández 1963
Edició:6a. ed
Col·lecció:Ensayos Pedagógicos
Matèries:
Etiquetes: Afegir etiqueta
Sense etiquetes, Sigues el primer a etiquetar aquest registre!

MARC

LEADER 00000nam a2200000 a 4500
001 UCZ6528
003 CL-VaPUC
008 951211e19630000MX |||||||||||||||||spa|d
082 0 4 |a 371.2  |b JIM  |2 21 
100 |a Jiménez y Coria, Laureano  |e author  |9 350875 
245 1 0 |a Organización escolar: libro cuyo contenido y desarrollo están de acuerdo con el programa oficial vigente de la materia y ha sido aprobado por la Secretaría de Educación Pública para servir de texto en las escuelas normales de la república 
250 |a 6a. ed 
300 |a 354 p 
942 |c BK 
945 |d 19951211 00:00:00  |a cmena 
260 |a Ciudad de México  |b Fernández  |c 1963 
650 0 |a Administración de la enseñanza   |9 261034 
650 0 |a Gestión educacional   |9 261035 
650 0 |a Planificación de la educación   |9 307333 
650 7 |a DESARROLLO DE LOS CURRICULOS  |2 CL-VaPUC  |9 338829 
583 |a last modification  |c 19951211 00:00:00  |k Rodrigo Vera 
490 0 |a Ensayos Pedagógicos 
999 |c 242727  |d 242725 
952 |0 0  |1 0  |4 0  |6 371_200000000000000_JIM_1963  |7 0  |8 P  |9 255858  |a BIBEDU  |b BIBEDU  |c BIBEDU_PB  |d 2019-11-19  |i 1604910  |o 371.2 JIM 1963  |p 1604910  |r 2024-01-25  |w 2019-11-19  |y BK  |k EDU